000 00284nam a22001337a 4500
008 171019b xxu||||| |||| 00| 0 eng d
020 _a9780205142385
041 _aeng
080 _26TH
_a338
100 _a53
101 _aMEN
245 _aMANAGEMENT
_cMONDY,R.W
942 _2udc
_cBK
999 _c34916
_d34916